| 000 | 00850nam a2200253 i 4500 | ||
|---|---|---|---|
| 001 | 000038268 | ||
| 003 | DO-SdBNP | ||
| 005 | 20260316085842.0 | ||
| 007 | ta | ||
| 008 | 130405s2011 dr ac 000 0 spa d | ||
| 020 | _a9789945004687 | ||
| 040 |
_aDO-SdBNP _bspa _cBNPHU _erda |
||
| 082 | 4 |
_axxx _bxxx _222 |
|
| 100 | 1 |
_aEspinal, Fulgencio, _eautor _4aut. _98374 |
|
| 245 | 1 | 0 |
_aViejo roble y pino nuevo : _bcontroversia y testimonio / _cFulgencio Espinal ; prólogo, Rafael Peralta Romero. |
| 264 | 1 |
_aSanto Domingo : _bGente, _c2011. |
|
| 300 |
_a175 páginas : _bilustraciones, retratos. ; _c22 cm. |
||
| 336 |
_atexto _btxt _2rdacontent |
||
| 337 |
_asin mediación _bn _2rdamedia |
||
| 338 |
_avolumen _bnc _2rdacarrier |
||
| 590 | _aInventariado, 2026/BT | ||
| 700 | 1 |
_aPeralta Romero, Rafael, _d1948- _eprologuista _4pr. _979774 |
|
| 942 |
_2ddc _cLBS1 |
||
| 999 |
_c37758 _d37758 |
||